000 00342nam a22001457a 4500
003 OSt
008 250917b |||||||| |||| 00| 0 eng d
020 _a9780143464167
082 _a363.20925 SIC
100 _aSINGH,OP
245 _aCrime Grime and Gumption
260 _aNew Delhi
_bPenguin Random
_c2024
300 _a235
942 _2ddc
_cBK
999 _c13732
_d13732